| 000 | 00440cam a22001451 4500 | ||
|---|---|---|---|
| 082 |
_a625.7 _bGRE |
||
| 100 | 1 |
_aGreen,Johan Wilforid _936253 |
|
| 245 | 1 | 4 |
_aThe science of road making _cJohan Wilforid Green, |
| 260 |
_aLondon : _bThe technological press, _c1927. |
||
| 300 |
_axxvii,138 p. : _bill. ; _c23 cm. |
||
| 500 | _aIncludes index | ||
| 526 |
_a0 _b0 _c0 _d625_700000000000000_GRE |
||
| 650 | 0 |
_aRoads. _bMCE _936254 |
|
| 942 |
_2ddc _cBK |
||
| 999 |
_c541409 _d541409 |
||